| 000 | 00901cam a2200229 4500 | ||
|---|---|---|---|
| 001 | WB3739-20 | ||
| 008 | 011018n2001 000 0 eng u | ||
| 035 | _a(Sirsi) u115189 | ||
| 245 | _aAmerican atrocities to accelerate Euro trends | ||
| 260 | _c2001 | ||
| 490 |
_aEuroProperty _vOctober 2001, 7(1) |
||
| 520 | _aIn the wake of the terrorist attacks on America, European property markets could be hit by a dramatic occupier slowdown, while institutions will sell portfolios in an effort to rebalance their portfolios. The US terrorist attacks will also hasten the recession in Europe. | ||
| 590 | _aWB | ||
| 650 | _aTERRORIST ATTACKS | ||
| 650 | _aUNITED STATES | ||
| 650 | _aECONOMIC DECLINE | ||
| 650 | _aPROPERTY-COMMERCIAL PROPERTY-COMMERCIAL PROPERTY MARKET | ||
| 650 | _aINSTITUTIONAL INVESTMENT | ||
| 650 | _aPROPERTY PORTFOLIO | ||
| 690 | _aINTERNATIONAL-EUROPE | ||
| 942 | _n0 | ||
| 999 |
_c68609 _d68609 |
||